Service charges in commercial property (Record no. 105515)
[ view plain ]
| 000 -LEADER | |
|---|---|
| fixed length control field | 01966cam a2200337 4500 |
| 001 - CONTROL NUMBER | |
| control field | ##L133990 |
| 008 - FIXED-LENGTH DATA ELEMENTS--GENERAL INFORMATION | |
| fixed length control field | 060628n2006 000 0 eng u |
| 020 ## - INTERNATIONAL STANDARD BOOK NUMBER | |
| International Standard Book Number | 1842193007 |
| -- | 9781842193007 |
| 035 ## - SYSTEM CONTROL NUMBER | |
| System control number | (Sirsi) u133990 |
| 041 0# - LANGUAGE CODE | |
| Language code of text/sound track or separate title | eng |
| 050 04 - LIBRARY OF CONGRESS CALL NUMBER | |
| Classification number | 346.4104342 $2 18 |
| 110 2# - MAIN ENTRY--CORPORATE NAME | |
| Corporate name or jurisdiction name as entry element | Royal Institution of Chartered Surveyors |
| 9 (RLIN) | 4900 |
| 245 00 - TITLE STATEMENT | |
| Title | Service charges in commercial property |
| Remainder of title | RICS code of practice |
| 260 ## - PUBLICATION, DISTRIBUTION, ETC. | |
| Place of publication, distribution, etc. | London |
| Name of publisher, distributor, etc. | RICS |
| Date of publication, distribution, etc. | 2006 |
| 490 #0 - SERIES STATEMENT | |
| Series statement | RICS Code of Practice |
| 490 #0 - SERIES STATEMENT | |
| Series statement | RICS Guidance Note |
| 505 2# - FORMATTED CONTENTS NOTE | |
| Formatted contents note | Terminology used in the code -- Introduction -- The code -- Technical support -- Appendices |
| 520 ## - SUMMARY, ETC. | |
| Summary, etc. | Sets out RICS' code of practice for implementing service charges for commercial property in new or renewed leases. Written in the light of UK government concerns about disputes over service charges and their alleged lack of transparency. Although the code is voluntary, a court investigating an allegation of professional negligence against a practitioner is likely to take account of the contents of the code of practice in deciding whether or not the practitioner acted with reasonable competence. |
| 520 ## - SUMMARY, ETC. | |
| Summary, etc. | Supersedes "Service charges in commercial property: a guide to good practice" (J109166). |
| 520 ## - SUMMARY, ETC. | |
| Summary, etc. | Superseded by second edition (ISBN 9781842196687). |
| 590 ## - LOCAL NOTE (RLIN) | |
| Local note | KA |
| 651 #4 - SUBJECT ADDED ENTRY--GEOGRAPHIC NAME | |
| Geographic name | England and Wales |
| Chronological subdivision | 1543- |
| 690 ## - LOCAL SUBJECT ADDED ENTRY--TOPICAL TERM (OCLC, RLIN) | |
| Topical term or geographic name as entry element | PROPERTY-COMMERCIAL PROPERTY-LEASEHOLD COMMERCIAL PROPERTY-COMMERCIAL LANDLORD AND TENANT-COMMERCIAL SERVICE CHARGES |
| 710 2# - ADDED ENTRY--CORPORATE NAME | |
| Corporate name or jurisdiction name as entry element | British Council for Offices |
| 9 (RLIN) | 3992 |
| 710 2# - ADDED ENTRY--CORPORATE NAME | |
| Corporate name or jurisdiction name as entry element | British Council of Shopping Centres |
| 9 (RLIN) | 1982 |
| 710 2# - ADDED ENTRY--CORPORATE NAME | |
| Corporate name or jurisdiction name as entry element | British Property Federation |
| 9 (RLIN) | 1604 |
| 710 2# - ADDED ENTRY--CORPORATE NAME | |
| Corporate name or jurisdiction name as entry element | British Retail Consortium |
| 9 (RLIN) | 1582 |
| 710 2# - ADDED ENTRY--CORPORATE NAME | |
| Corporate name or jurisdiction name as entry element | Property Managers Association |
| 9 (RLIN) | 213 |
| 856 ## - ELECTRONIC LOCATION AND ACCESS | |
| Uniform Resource Identifier | <a href="https://www.rics.org/profession-standards/knowledge-and-information-services/document-delivery-and-other-kis-fees">https://www.rics.org/profession-standards/knowledge-and-information-services/document-delivery-and-other-kis-fees</a> |
| Public note | Digital copy available - please email [email protected] |
| 942 ## - ADDED ENTRY ELEMENTS (KOHA) | |
| Suppress in OPAC | 0 |
| Source of classification or shelving scheme | Dewey Decimal Classification |
| Withdrawn status | Lost status | Damaged status | Not for loan | Home library | Current library | Shelving location | Date acquired | Total Checkouts | Full call number | Date last seen | Copy number | Price effective from | Koha item type | Public note | Source of classification or shelving scheme | Barcode | Date last checked out |
|---|---|---|---|---|---|---|---|---|---|---|---|---|---|---|---|---|---|
| London | London | RICS Boxes | 07/08/2006 | RICS 2006/25 | 06/08/2019 | 1 | 06/08/2019 | Archive | Dewey Decimal Classification | 30073185 | |||||||
| London | London | RICS Boxes | 07/08/2006 | RICS 2006/25 | 06/08/2019 | 1 | 06/08/2019 | Reference material | Dewey Decimal Classification | 30073186 | |||||||
| London | London | RICS Boxes | 07/08/2006 | 6 | RICS 2006/25 | 06/08/2019 | 2 | 06/08/2019 | Book | Dewey Decimal Classification | 30073187 | 26/06/2009 | |||||
| Virtual | Virtual | Online | 28/06/2006 | SCAN | 18/09/2024 | 1 | 06/08/2019 | Online material | Email [email protected] for a copy |